MDQL
is popping MORE tags! Check the
thread
!
Quizzes
Events
Quiz Creation
Community
Videos
Private Events
Remove Ads
Sign In
Join for FREE
Feedback
Dark Mode
Quiz Categories
Sports
Geography
Music
Movies
Television
Just For Fun
Miscellaneous
History
Literature
Language
Science
Gaming
Entertainment
Religion
Holiday
For Kids
Quiz Lab
Recent
Popular Today
Quiz Kudos Today
Editor Picks
Curator Picks
Quizzes by...
Day
Popularity
Type
Ratings
Length
Year
Community
Subscriptions
Recent Discussions
Orange Saloon
Badges
Playlists
Quests
Create
Leaderboards
Showdown
Live 5
Trivia Bingo
Activity
Puzzle Library
Sporcle Events
Private Events
Virtual Trivia
Globe League
Become a Host
Pub Owners
SporcleCon
Opinionation
Our Games
Videos
Blog
Mobile Apps
Partnerships
Remove Ads and Go Orange
Feedback
Literature
Harry Potter
A Song of Ice and Fire
The Hunger Games
Literary Character
Shakespeare
Book
Author
Novel
Poem
Young Adult
Children's Books
Play
Lord of the Rings
Literature
Harry Potter
A Song of Ice and Fire
The Hunger Games
Literary Character
Shakespeare
Book
Author
Novel
Poem
Young Adult
Children's Books
Play
Lord of the Rings
Random Quiz
Search Sporcle
×
Editor Pick
Editor Pick
Literature
Type in answers that appear in a list
Type in answers that appear in a list
Classic
Best Score? Go Orange.
Most Prolific Novelists Stats
Can you name the most prolific novelists in history?
By
spqr
8m
22 Questions
373 Plays
373 Plays
373 Plays
Comments
Comments
Give Quiz Kudos
Give Quiz Kudos
-
- Ratings
hide this ad
More Info
Replay
Link that replays current quiz
Next Quiz
Link to next quiz in quiz playlist
You Got
0%
They Got
Avg Score
7%
Avg Friend Score
Upgrade to see
Score Distribution
Jump to the score distribution portion of the page
Score
0/22
Timer
08:00
0
Plays Today
Published Works
Author
% Correct
277
Alexandre Dumas
89.5%
500+
Georges Simenon
15.3%
753
Enid Mary Blyton
13.9%
664
Barbara Cartland
12.3%
258
L.T. Meade
7.8%
564
John Creasey
3.8%
500+
Howard R. Garis
3.2%
4,000
Corín Tellado
2.9%
904
Kathleen Lindsay
2.1%
520+
Ursula Bloom
2.1%
300+
Evelyn Everett Green
2.1%
Published Works
Author
% Correct
400+
Edward L. Stratemeyer
2.1%
300+
Kyokutei Bakin
1.3%
286+
D.S. Rowland
1.3%
400+
Edward Zane Carroll Judson
1.3%
850+
Lauran Paine
1.1%
600+
Jozef Ignacy Kraszewski
1.1%
400+
Kathleen Clarice Groom
1.1%
600+
Prentiss Ingraham
0.5%
561
Jalaluddin Al-Suyuti
0.5%
300+
Nigel Morland
0.5%
300+
Dan Ross
0.5%
Quiz Playlist
Details
Report
Send in Message
Add To Playlist
More Info:
Sometimes it is quantity, not quality
Classic:
Type in answers that appear in a list
Quiz Source
Last Updated: Feb 16, 2017
Editor Pick in
Literature
Quiz Scoreboard
CHALLENGE
Sign Up to Join the Scoreboard
Show All
Scores
Hide
Comments
May contain spoilers
Recently Published
5x2 Blitz: Bands
by SL_Kpop136
Music
30s
Colored Red Africa Blitz
by spor1
Geography
30s
Find the 'City' Movie
by crazypaving
Movies
60s
More to Explore
Quiz From the Vault
Featured Blog Post
14 Easter Pick-up Lines to Find Eggs With
hide this ad
You Might Also Like...
Tags
This quiz does not have any tags.
Today's Top Quizzes in Literature
Browse Literature
hide this ad
Top Contributed Quizzes in Literature
1
Sneaky Slytherin Logic Puzzle
2
Harry Potter Slytherin Logic Puzzle
3
Get The Picture: Black or White Literature
4
Logic Puzzle: Avoid Dumbledore's Army
5
Mini Trivia Sudoku: A Song of Ice and Fire
6
A Song of Ice and Fire Logic Puzzle
7
One Thing in Common: Literature II
8
Books By Opening Lines IV
9
The Hunger Games Logic Puzzle: Find Katniss
10
Silmarillion Characters by Any 3 Letters
Explore More
Trending Topics
Disney
Anime
Marvel
Crossword
Harry Potter
NBA
Kpop
NFL
Country
WWE
The Office
Pokémon
Soccer
Song
Puzzle
hide this ad
More By:
spqr
Quiz
Plays
Rating
Category
Featured
Created
TV Shows by Subtitle
150,048
3.82
Television
Jan 18, 2010
'Street' Quiz
121,656
3.97
Miscellaneous
Feb 17, 2010
Actor-Director Collaborations
78,526
4.57
Movies
Feb 18, 2010
One Novel Wonders
41,772
3.99
Literature
Oct 9, 2009
Disney Authors
40,963
4.29
Literature
Oct 22, 2009
Go to Creator's Profile
Score Distribution
Quiz Creator Spotlight
spqr
Follow
Send a Message
Quizzes Created
-
Created Quiz Play Count
-
More By This Creator
Popular Quizzes Today
1
Colored Red Africa Blitz
2
Find the 'City' Movie
3
5x2 Blitz: Bands
4
Find the US States - No Outlines Minefield
5
The Countries of the World
6
Find the US States
7
US States
8
Find the Countries of Europe - No Outlines Minefield
More Literature Quizzes
Novel First Lines A-Z II
Published
Trending Quizzes
Colored Red Europe Blitz I
Colored Red Europe Blitz II
Colored Red Africa Blitz II
Colored Red Europe Blitz III
Colored Red Africa Blitz III
Recently Updated
How Do You Spell That?
pecheneg
Godzilla Movies
pecheneg
Grab Bag: 4-10 Letters
pecheneg
2024 March Madness Bracket
pecheneg
Famous TV Couples
Peacemaker
Champions League XIs: Real Madrid
pecheneg
Largest US Cities 1790-2010
pecheneg
Rides in Walt Disney World
pecheneg
Most Oscar Losses (Acting)
pecheneg
Beyoncé Albums
pecheneg
Trending Topics
Disney
Crossword
Kpop
NBA
Anime
Harry Potter
Marvel
Puzzle
NFL
Soccer
Song
The Office
Pokémon
Country
WWE
Your Account Isn't Verified!
In order to create a playlist on Sporcle, you need to verify the email address you used during registration. Go to your
Sporcle Settings
to finish the process.
Report this User
Report this user for behavior that violates our
Community Guidelines
.
Details:
Send Report
Go to the Sporcle.com Mobile Site →
Comments